000 00360nam a2200133Ia 4500
008 240624s9999 xx 000 0 und d
041 _aeng
082 _a332.6322 FIS
100 _aFISHER PHILIP A
245 _aPATHS TO WEALTH THROUGH COMMON STOCKS
260 _c2007
_aNew Jersey
_bJohn Wiley and Sons
300 _axxii, : 213 : p. : cm. ; 21
365 _c
_b28
999 _c7855
_d7855